| 000 | 00929nam a22002297a 4500 | ||
|---|---|---|---|
| 999 |
_c4024 _d4024 |
||
| 003 | AR-CdUCM | ||
| 008 | 190307b ||||| |||| 00| 0 spa d | ||
| 020 | _a968-816-010-5 | ||
| 040 |
_aMUNICIPALIDAD PROVINCIAL DEL CUSCO _cBIBLIOTECA MUNICIPAL DEL CUSCO |
||
| 082 |
_a972.051 / _bS53 |
||
| 100 |
_aSierra, Carlos Justo _912834 |
||
| 245 | _aLa Constitucion Federal de 1824 / | ||
| 260 |
_aMéxico : _bDepartamento del Distrito Federal , _c1983. |
||
| 300 |
_a156 páginas ; _c21 cm. |
||
| 440 |
_aConciencia Civica Nacional _n7 _912835 |
||
| 505 | _aContenido : Proemio -- Raiz y Razon -- Realidades y Viscisitudes -- El recinto y los diputados -- Prolegómenos Constitucionales -- Fuentes y Lecturas -- Labores del Constituyente -- La constitucion en el debate nacional... | ||
| 650 |
_aRealidad Méxicana _912836 |
||
| 650 |
_aEl Gobernante _912837 |
||
| 650 |
_aFederalismo _912838 |
||
| 942 |
_2ddc _cLIBROS |
||
| 945 | _artm | ||